Figure out the song - Lizzy McAlpine #4 - Statistics

General Stats
  • This quiz has been taken 82 times
  • The average score is 78 of 163
Answer Stats
Hint % Correct
I
98%
you
86%
a
84%
the
77%
And
73%
and
73%
when
70%
in
64%
to
63%
it
61%
so
59%
So
59%
my
57%
What
55%
then
54%
be
52%
but
52%
how
50%
like
50%
Like
50%
Or
50%
was
50%
know
48%
this
48%
that
46%
see
45%
could
43%
him
41%
just
39%
away
38%
far
36%
had
36%
hits
36%
now
36%
all
34%
feel
32%
gone
32%
maybe
32%
Never
32%
yesterday
32%
down
30%
everything
30%
from
30%
he's
30%
into
30%
next
30%
older
30%
start
30%
Thought
30%
through
30%
way
30%
Called
29%
didn't
29%
hard
29%
long
29%
night
29%
rock
29%
take
29%
Threw
29%
water
29%
handled
27%
it'd
27%
lying
27%
off
27%
slipped
27%
bottom
25%
heard
25%
news
25%
One
25%
sink
25%
somehow
25%
Spent
25%
Watched
25%
father
23%
find
23%
looked
23%
more
23%
anything
21%
haven't
21%
heavy
21%
much
21%
lesson
20%
younger
20%
learned
18%
Tryna
18%
year
18%
No matching quizzes found
Score Distribution
Percent of People with Each Score
Percentile by Number Answered
Your Score History
You have not taken this quiz